Schalke 04 All-Time Starting XI - Statistics

General Stats
  • This quiz has been taken 61 times
  • The average score is 5 of 13
Answer Stats
Position Player % Correct
12th player (2010-17/21) Klaas-Jan Huntelaar
80%
DF (2007-18) Benedikt Höwedes
73%
FW (1970-81) Klaus Fischer
71%
Coach (1996-2002/11-12/19-20) Huub Stevens
64%
GK (1987-98) Jens Lehmann
49%
MF (1983-88/94-2002) Olaf Thon
49%
FW (1923-50) Ernst Kuzorra
29%
DF (1965-80) Klaus Fichtel
29%
FW (1961-65/68-72/73-76) Stan Libuda
20%
MF (1988-99) Ingo Anderbrügge
18%
DF (1960-65) Willi Schulz
2%
DF (1958-65) Hans Nowak
0%
MF (1956-68) Manfred Kreuz
0%
No matching quizzes found
Score Distribution
Percent of People with Each Score
Percentile by Number Answered
Your Score History
You have not taken this quiz